International Human Resource Management (Record no. 11743)

MARC details
000 -LEADER
fixed length control field 00495nam a22001937a 4500
003 - CONTROL NUMBER IDENTIFIER
control field OSt
008 - FIXED-LENGTH DATA ELEMENTS--GENERAL INFORMATION
fixed length control field 230125b ||||| |||| 00| 0 eng d
020 ## - INTERNATIONAL STANDARD BOOK NUMBER
International Standard Book Number 97893866668585
082 ## - DEWEY DECIMAL CLASSIFICATION NUMBER
Classification number 658.3 DOI
100 ## - MAIN ENTRY--PERSONAL NAME
Personal name DOWLING,Peter J
245 ## - TITLE STATEMENT
Title International Human Resource Management
250 ## - EDITION STATEMENT
Edition statement 7th ed
260 ## - PUBLICATION, DISTRIBUTION, ETC. (IMPRINT)
Place of publication, distribution, etc New Delhi
Name of publisher, distributor, etc Cengage
Date of publication, distribution, etc 2022
300 ## - PHYSICAL DESCRIPTION
Extent 361
650 ## - SUBJECT ADDED ENTRY--TOPICAL TERM
Topical term or geographic name as entry element International Human Resource Management
700 ## - ADDED ENTRY--PERSONAL NAME
Personal name FESTING,Marion
700 ## - ADDED ENTRY--PERSONAL NAME
Personal name ENGLE,Allen D
942 ## - ADDED ENTRY ELEMENTS (KOHA)
Source of classification or shelving scheme Dewey Decimal Classification
Koha item type Reference Books
Holdings
Withdrawn status Lost status Source of classification or shelving scheme Damaged status Not for loan Collection code Home library Current library Date acquired Source of acquisition Currency Cost, normal purchase price Bill Number Total Checkouts Full call number Acc. no. / Barcode Date last seen Actual Cost, discounted price Bill Date Koha item type
    Dewey Decimal Classification     MBA PIET C-LIBRARY PIET C-LIBRARY 03/01/2023 International Book Centre IN Rupees 475.00 IB/IN/947   658.3 DOI 34409 25/01/2023 332.50 03/01/2023 Reference Books

Design & Developed by: PIET Central Library
R70 Miles Stone Pattikalyana Samalkha Panipat 132102
mail ID :- [email protected], Phone No:- 0180-2569700 Ex.216